000 00532ntaaa2200193 4500
003 01
005 20251027200842.0
008 0714s1973 ag 01
040 _aAR-BaBN
_bspa
_cAR-BaBN
_eaacr
_dRIC
082 _a103 Q4d
100 _aQuintanilla, Miguel A.
_95032
245 _aDiccionario de filosofía contemporánea /
_cMiguel A. Quintanilla
250 _a1 ed.
260 _aSalamanca :
_bSígueme,
_c1976
300 _a481 p
650 _aFilosofia-Diccionario
_95033
650 _aFilosofia Contemporanea
_9676
942 _cBK
999 _c2618
_d2618